|
|
|
|
| LEADER |
00000nam0a2200000 4500 |
| 001 |
50833 |
| 005 |
20231031033653.0 |
| 010 |
|
|
|a 516000842X
|
| 035 |
|
|
|a (RuTPU)RU\TPU\book\53221
|
| 090 |
|
|
|a 50833
|
| 100 |
|
|
|a 20030421d2003 m y0rusy50 ca
|
| 101 |
0 |
|
|a rus
|
| 102 |
|
|
|a RU
|
| 105 |
|
|
|a y j 000zy
|
| 200 |
1 |
|
|a Экономика предприятия (фирмы)
|e учебник
|f Российская экономическая академия им. Г. В. Плеханова; Под ред. О. И. Волкова; Под ред. О. В. Девяткина
|
| 205 |
|
|
|a 3-е изд., перераб. и доп.
|
| 210 |
|
|
|a Москва
|c Инфра-М
|d 2003
|
| 215 |
|
|
|a 601 с.
|
| 225 |
1 |
|
|a Высшее образование
|
| 451 |
|
1 |
|0 (RuTPU)RU\TPU\book\117187
|y 5-16-000842-X
|t Экономика предприятия (фирмы)
|o учебник
|f Российская экономическая академия им. Г. В. Плеханова; под ред. О. И. Волкова; О. В. Девяткина
|e 3-е изд., перераб. и доп.
|c М.
|n Инфра-М
|d 2004
|p 601 с.
|
| 451 |
|
1 |
|0 (RuTPU)RU\TPU\book\42991
|y 5-16-000842-X
|t Экономика предприятия (фирмы)
|o учебник
|f О. И. Волков, О. В. Девяткин, Н. Б. Акуленко и др.
|g Российская экономическая академия им. Г. В. Плеханова; Под ред. О. И. Волкова, О. В. Девяткина
|e 3-е изд., перераб. и доп.
|c М.
|n Инфра-М
|d 2002
|p 601 с.
|s Высшее образование
|
| 610 |
1 |
|
|a экономика
|
| 610 |
1 |
|
|a предприятия
|
| 610 |
1 |
|
|a фирмы
|
| 610 |
1 |
|
|a коммерческие организации
|
| 610 |
1 |
|
|a хозяйственные объединения
|
| 610 |
1 |
|
|a предпринимательская деятельность
|
| 610 |
1 |
|
|a рыночная экономика
|
| 610 |
1 |
|
|a товарообмен
|
| 610 |
1 |
|
|a ресурсы
|
| 610 |
1 |
|
|a средства
|
| 610 |
1 |
|
|a основные средства
|
| 610 |
1 |
|
|a оборотные средства
|
| 610 |
1 |
|
|a персонал
|
| 610 |
1 |
|
|a оплата труда
|
| 610 |
1 |
|
|a финансы
|
| 610 |
1 |
|
|a управление
|
| 610 |
1 |
|
|a государственное регулирование
|
| 610 |
1 |
|
|a планирование
|
| 610 |
1 |
|
|a стратегическое управление
|
| 610 |
1 |
|
|a маркетинговые исследования
|
| 610 |
1 |
|
|a продукция
|
| 610 |
1 |
|
|a реализация
|
| 610 |
1 |
|
|a внутрифирменный учет
|
| 610 |
1 |
|
|a производственный процесс
|
| 610 |
1 |
|
|a хозяйственное управление
|
| 610 |
1 |
|
|a логистические системы
|
| 610 |
1 |
|
|a инвестиции
|
| 610 |
1 |
|
|a проекты
|
| 610 |
1 |
|
|a аренда
|
| 610 |
1 |
|
|a лизинг
|
| 610 |
1 |
|
|a франчайзинг
|
| 610 |
1 |
|
|a качество
|
| 610 |
1 |
|
|a риски
|
| 610 |
1 |
|
|a страхование
|
| 610 |
1 |
|
|a учебники
|
| 686 |
|
|
|a У9(2)29я73
|v LBC/SL-A
|2 rubbk
|
| 702 |
|
1 |
|a Волков
|b О. И.
|4 340
|
| 702 |
|
1 |
|a Девяткин
|b О. В.
|4 340
|
| 712 |
0 |
2 |
|a Российская экономическая академия им. Г. В. Плеханова
|2 stltpush
|3 (RuTPU)RU\TPU\col\18
|
| 801 |
|
1 |
|a RU
|b 63413507
|c 20030421
|g PSBO
|
| 801 |
|
2 |
|a RU
|b 63413507
|c 20191126
|g PSBO
|
| 942 |
|
|
|c BK
|
| 959 |
|
|
|a 17/20050218
|d 2
|e 119,90
|f АНЛ:1
|f ЧЗГЛ:1
|